书目信息 |
| 题名: |
化学激光
|
|
| 作者: | 桑凤亭 编著 | |
| 分册: | ||
| 出版信息: | 北京 化学工业出版社 2000.11 |
|
| 页数: | 121页 | |
| 开本: | 20cm | |
| 丛书名: | 高新技术科普丛书 | |
| 单 册: | ||
| 中图分类: | TN248.5-49 | |
| 科图分类: | ||
| 主题词: | 激光技术 , 微波激射技术 | |
| 电子资源: | ||
| ISBN: | 7-5025-2969-1 | |
| 000 | 00659nam0 2200229 45 | |
| 001 | 0259558794 | |
| 005 | 2002041516323774 | |
| 010 | @a7-5025-2969-1@dRMB 10.00 | |
| 100 | @a20020415d2000 km y0chiy0120 ea | |
| 101 | 0 | @achi |
| 102 | @aCN@b110000 | |
| 200 | 1 | @a化学激光@AHua Xue Ji Guang@f桑凤亭等编著@FSang Feng Ting Deng Bian Zhu |
| 210 | @a北京@c化学工业出版社@d2000.11 | |
| 215 | @a121页@d20cm | |
| 225 | 2 | @a高新技术科普丛书 |
| 410 | 0 | @12001 @a高新技术科普丛书 |
| 606 | 0 | @a激光技术 |
| 606 | 0 | @a微波激射技术 |
| 690 | @aTN248.5-49@v3 | |
| 701 | 0 | @a桑凤亭@ASang Feng Ting@4编著 |
| 801 | 0 | @aCN@bPFT@c20020415 |
| 905 | @a安徽大学@dTN248.5-49@eS032 | |
| 化学激光/桑凤亭等编著.-北京:化学工业出版社,2000.11 |
| 121页;20cm.-(高新技术科普丛书) |
| ISBN 7-5025-2969-1:RMB 10.00 |
| ● |
| 相关链接 |
|
|
|
正题名:化学激光
索取号:TN248.5-49/S032
 
预约/预借
| 序号 | 登录号 | 条形码 | 馆藏地/架位号 | 状态 | 备注 |
| 1 | 353745 | 203537459 | 自科库301/301自科库 34排1列2层/ [索取号:TN248.5-49/S032] | 在馆 | |
| 2 | 353746 | 203537468 | 自科库301/301自科库 25排3列5层/ [索取号:TN248.5-49/S032] | 在馆 |